000141149 001__ 141149
000141149 005__ 20240827154642.0
000141149 037__ $$aGDOC-2022-26705
000141149 041__ $$aspa
000141149 041__ $$aeng
000141149 100__ $$1616590$$aSofía Albero, Posac
000141149 24500 $$926705$$aInglés científico para medicina
000141149 24200 $$926705$$aScientific English for medicine
000141149 260__ $$aZaragoza$$bUniversidad de Zaragoza$$c2022-2023
000141149 521__ $$9118$$aGraduado en Medicina$$bDegree in Medicine
000141149 540__ $$aby-nc-sa$$bCreative Commons$$c3.0$$uhttp://creativecommons.org/licenses/by-nc-sa/3.0/
000141149 700__ $$1507195$$aAndrew David Cameron, Andrew
000141149 830__ $$9304
000141149 830__ $$9305
000141149 8564_ $$s17589$$uhttps://zaguan.unizar.es/record/141149/files/guia-26705-en.pdf$$yGuide (english)
000141149 8564_ $$s25719$$uhttps://zaguan.unizar.es/record/141149/files/guia-26705-es.pdf$$yGuía (idioma español)
000141149 970__ $$aGDOC-2022-26705
000141149 980__ $$aGDOC$$bHealth Sciences$$bCiencias de la Salud$$c104$$c229